Statystyki dla Najlepsze kluby z Europejskich Lig

Kliknij tutaj aby rozwiązać quiz!

Ogólne statystyki

  • Ten quiz został rozwiązany 39 razy
  • Średni wynik to 24 z 37

Statystyki odpowiedzi

MSCLigaKlub% Poprawnych
3EkstraklasaLech Poznań
100%
2EkstraklasaLegia Warszawa
100%
1Premier LeagueManchester City
100%
3Premier LeagueManchester United
97%
2Premier LeagueArsenal
93%
5Premier LeagueLiverpool
93%
1EkstraklasaRaków Częstochowa
90%
1La LigaFC Barcelona
86%
4EkstraklasaPogoń Szczecin
83%
2La LigaReal Madryt
83%
4Serie AAC Milan
79%
1BundesligaBayern Monachium
79%
2BundesligaBorussia Dortmund
79%
1Serie ANapoli
79%
3La LigaAtletico Madryt
76%
3Serie AInter
76%
7Serie AJuventus
76%
3BundesligaRB Lipsk
69%
6Serie AAS Roma
66%
2Serie ALazio
66%
1Ligue 1Paris Saint Germain
66%
5Serie AAtalanta
62%
4BundesligaUnion Berlin
59%
4La LigaReal Sociedad
55%
7Premier LeagueAston Villa
52%
6BundesligaBayer Leverkusen
52%
4Premier LeagueNewcastle United
52%
6La LigaReal Betis
52%
6Premier LeagueBrighton
41%
2Ligue 1RC Lens
38%
5BundesligaFreiburg
34%
5La LigaVillarreal
34%
7BundesligaEintracht Frankfurt
28%
3Ligue 1Olympique Marsylia
28%
7La LigaOsasuna
21%
5Ligue 1LOSC Lille
17%
4Ligue 1Stade Rennais
7%

Rozkład punktacji

Percentyl według liczby udzielonych odpowiedzi

Procent ludzi z każdym wynikiem

Twoja historia wyników

Nie rozwiązałeś tego quizu